000 00824nam a2200229Ia 4500
003 GCL
008 140319s9999 xx 000 0 ara d
040 _aGCL /
_cGCL
082 0 4 _a327.56
_bن ق
100 1 _aمركز دراسات الوحدة العربية
245 1 0 _aالقوى الخمس الكبرى والوطن العربى دراسة مستقبلية /
_cمركز دراسات الوحدة العربية
700 1 _aناصف يوسف حنى
260 _a[S.N] :
_bمركز دراسات الوحدة العربية ،
_c1987
300 _a217 ص
490 _a
650 0 4 _aالعالم العربى
650 0 4 _aالاحوال السياسية
650 0 4 _aالسياسة الدولية
650 0 4 _aالعلاقات الخارجية
650 0 4 _aالقوى العظمى
942 _2ddc
_cBK
999 _c29761
_d29761